Quizzes
Events
Quiz Creation
Community
Videos
Private Events
Remove Ads
Sign In
Join for FREE
Feedback
Dark Mode
Quiz Categories
Sports
Geography
Music
Movies
Television
Just For Fun
Miscellaneous
History
Literature
Language
Science
Gaming
Entertainment
Religion
Holiday
For Kids
Quiz Lab
Recent
Popular Today
Quiz Kudos Today
Editor Picks
Curator Picks
Quizzes by...
Day
Popularity
Type
Ratings
Length
Year
Community
Subscriptions
Recent Discussions
Orange Saloon
Badges
Playlists
Quests
Create
Leaderboards
Showdown
Live 5
Trivia Bingo
Activity
Puzzle Library
Sporcle Events
Private Events
Virtual Trivia
Globe League
Become a Host
Pub Owners
SporcleCon
Opinionation
Our Games
Videos
Blog
Mobile Apps
Partnerships
Remove Ads and Go Orange
Feedback
Literature
Harry Potter
A Song of Ice and Fire
The Hunger Games
Literary Character
Shakespeare
Book
Author
Novel
Poem
Young Adult
Children's Books
Play
Lord of the Rings
Literature
Harry Potter
A Song of Ice and Fire
The Hunger Games
Literary Character
Shakespeare
Book
Author
Novel
Poem
Young Adult
Children's Books
Play
Lord of the Rings
Random Quiz
Search Sporcle
×
Curator Pick
Curator Pick
Literature
Book
Type in answers that appear in a list
Type in answers that appear in a list
Classic
Best Score? Go Orange.
What the Harry Potter Films Got Wrong (Multiple Choice) Stats
Can you answer the following questions according to the Harry Potter books, not the films?
By
manyobscurities
5m
18 Questions
3,369 Plays
3,369 Plays
3,369 Plays
Comments
Comments
Give Quiz Kudos
Give Quiz Kudos
-
- Ratings
hide this ad
More Info
Forced Order
Answers have to be entered in order
Answers have to be entered in order
Wrong Answers
Some wrong answers will appear in red
Some wrong answers will appear in red
Replay
Link that replays current quiz
Next Quiz
Link to next quiz in quiz playlist
You Got
0%
They Got
Avg Score
66%
Avg Friend Score
Upgrade to see
Score Distribution
Jump to the score distribution portion of the page
Score
0/18
Timer
05:00
0
Plays Today
Question
Answer
% Correct
What colour are Harry's eyes? (A) Brown (B) Green (C) Blue (D) Grey
???
89.9%
Who tells Umbridge about the DA? (A) Cho Chang (B) Draco Malfoy (C) Marietta Edgecombe (D) Dobby
???
77.3%
What colour hair do Dudley and Aunt Petunia have? (A) Blond(e) (B) Ginger (C) Black (D) Brown
???
76.2%
Who in the DA is a particular fan of Harry? (A) Lavender Brown (B) Colin and Dennis Creevey (C) Susan Bones (D) Nigel
???
76.1%
What House is Padma Patil in? (A) Gryffindor (B) Hufflepuff (C) Ravenclaw (D) Slytherin
???
76%
Who tells Harry to use Gillyweed in the Second Task of the Triwizard Tournament? (A) Ron Weasley (B) Neville Longbottom (C) Seamus Finnigan (D) Dobby
???
73.6%
What does Harry do with the Elder Wand at the end? (A) Snaps it (B) Resurrects his parents (C) Repairs his wand and puts the Elder Wand in Dumbledore's tomb (D) Burns it
???
69.8%
Who rescues Harry from the Hogwarts Express after Draco uses a Body-
Bind Curse on him? (A) Nymphadora Tonks (B) Ron and Hermione (C) Severus Snape (D) Luna Lovegood
???
69.7%
Who has detention in the Forbidden Forest with Harry, Hermione and Draco? (A) Seamus Finnigan (B) Pansy Parkinson (C) Ron Weasley (D) Neville Longbottom
???
68.8%
Question
Answer
% Correct
Who enables the DA to use the Room of Requirement by discovering it or telling them about it? (A) Draco Malfoy (B) Dobby (C) Sirius Black (D) Neville Longbottom
???
65.8%
What colour is Felix Felicis? (A) Pink (B) Brown (C) Clear (D) Gold
???
65%
Where does Voldemort use Nagini to kill Snape? (A) The Shrieking Shack (B) The Boathouse (C) The Forbidden Forest (D) The dungeons
???
64.8%
Who conjures and is killed by Fiendfyre? (A) Vincent Crabbe (B) Gregory Goyle (C) Blaise Zabini (D) Draco Malfoy
???
64%
Who kills/
defeats Pius Thicknesse? (A) Fred and George Weasley (B) Lord Voldemort (C) Cornelius Fudge (D) Arthur and Percy Weasley
???
61.1%
How many times does Ron say 'Bloody hell'? (A) 12 (B) 18 (C) 23 (D) Never
???
59%
Who does Harry share his Felix Felicis with? (A) Albus Dumbledore (B) Fred and George (C) Ron, Hermione and Ginny (D) Nobody
???
56.4%
What colour are Ron's eyes? (A) Brown (B) Green (C) Blue (D) Grey
???
46.9%
Which of the following characters ever uses a walking stick? (A) Lucius Malfoy (B) Argus Filch (C) Minerva McGonagall (D) Filius Flitwick
???
32.7%
Quiz Playlist
Details
Report
Send in Message
Add To Playlist
More Info:
For each question, type A, B, C or D
Classic:
Type in answers that appear in a list
Forced Order:
Answers have to be entered in order
Wrong Answers:
Some wrong answers will appear in red
Last Updated: Dec 19, 2018
Curator Pick in
Harry Potter
,
Young Adult
Quiz Scoreboard
CHALLENGE
Sign Up to Join the Scoreboard
Show All
Scores
Hide
Comments
May contain spoilers
Recently Published
An Introduction to Baseball
by treessimontrees
Sports
5m
Movies - When Are They Set?
by FPL_Elf
Movies
5m
Popular People in 1961
by mucciniale
History
6m
More to Explore
Quiz From the Vault
Featured Blog Post
Where Did the Easter Bunny Come From?
hide this ad
You Might Also Like...
Tags
Book Quiz
Harry Potter Quiz
Young Adult Quiz
Difference
Film Adaptations
J.K. Rowling
Multiple Choice
Today's Top Quizzes in Literature
Browse Literature
hide this ad
Today's Top Quizzes in Book
Browse Book
Top Contributed Quizzes in Literature
1
Sneaky Slytherin Logic Puzzle
2
One Thing in Common: Literature
3
Get The Picture: Black or White Literature
4
Harry Potter Neighbourly Logic Puzzle #3
5
Weasley Family Reunion: Logic Puzzle
6
One Thing in Common: Books
7
One Thing in Common: Literature II
8
Harry Potter Neighbourly Logic Puzzle #1
9
Harry Potter Neighbourly Logic Puzzle #5
10
Harry Potter Neighbourly Logic Puzzle #6
Explore More
Trending Topics
Disney
Anime
Harry Potter
NBA
Kpop
Marvel
Crossword
Pokémon
Song
Soccer
NFL
The Office
Country
WWE
Puzzle
hide this ad
More By:
manyobscurities
Quiz
Plays
Rating
Category
Featured
Created
What the Harry Potter Films Got Wrong (Multiple Choice)
3,369
5.00
Literature
Sep 5, 2014
Lion King Characters by Last Line
1,102
4.20
Movies
Jan 8, 2014
Hunchback of Notre Dame Characters by Last Line
637
5.00
Movies
Feb 1, 2014
Hunchback of Notre Dame Characters by First Line
603
5.00
Movies
Feb 1, 2014
Danish Animals By Literal Translation
477
Language
Oct 22, 2023
Go to Creator's Profile
Score Distribution
Quiz Creator Spotlight
manyobscurities
Follow
Send a Message
Quizzes Created
-
Created Quiz Play Count
-
More By This Creator
Popular Quizzes Today
1
Find the Countries of Europe - No Outlines Minefield
2
Find the US States - No Outlines Minefield
3
The Countries of the World
4
Popular People in 1961
5
US States
6
1-10 Letter E Words III
7
Find the US States
8
One Thing in Common: World Cities II
More Literature Quizzes
Literature To-Do Lists
Published
Trending Quizzes
Risky Map Clicking: Least Populous States A-Z
1-10 Letter F Words
1-10 Letter G Words
One Thing in Common: United Kingdom
Risky Map Clicking: Next State Alphabetically
Recently Updated
Leaping Animals
pecheneg
Reality TV Shows (A-Z)
bhenderson79
Rickey Henderson's Hall of Fame Teammates
pecheneg
Champions League XIs: Arsenal
pecheneg
Quick Pick: Celebrities in WWE's Hall of Fame
aduchscher
A-Z Keypad Blitz II
pecheneg
Multiple Oscar Actors
pecheneg
Mystery Phrase Blitz: Oscar 'Best Actors'
pecheneg
F. Scott Fitzgerald Novels
LTH
Pick 3 Villains
ddd62291
Trending Topics
Disney
Crossword
Marvel
Kpop
Anime
Harry Potter
NBA
NFL
WWE
Song
Soccer
Puzzle
Pokémon
The Office
Country
Your Account Isn't Verified!
In order to create a playlist on Sporcle, you need to verify the email address you used during registration. Go to your
Sporcle Settings
to finish the process.
Report this User
Report this user for behavior that violates our
Community Guidelines
.
Details:
Send Report
Go to the Sporcle.com Mobile Site →
Comments